Κοινωνιολογία : κεντρικά προβλήματα και βασική βιβλιογραφία
Saved in:
| Main Author: | |
|---|---|
| Other Authors: | |
| Format: | Book |
| Language: | Greek English |
| Published: |
Αθήνα :
Gutenberg,
1990.
|
| Edition: | 2η εκδ. αναθεωρ. |
| Series: | Κοινωνιολογική & ανθρωπολογική βιβλιοθήκη Gutenberg ;
v.29 |
| Subjects: | |
| Tags: |
Add Tag
No Tags, Be the first to tag this record!
|
MARC
| LEADER | 00000cam a2200000 i 4500 | ||
|---|---|---|---|
| 001 | 1/79184 | ||
| 008 | 960529s1990 gr | ||| |||| ||gre|| | ||
| 020 | |a 9600102538 | ||
| 035 | |a 1996 |b 3 |c Βιτσιλάκη |l 10033114 | ||
| 035 | |a 1992 |b 2 |c Δωρεά | ||
| 040 | |a GR-MY-UA |b gre |e aacr | ||
| 041 | 1 | |a gre |h eng | |
| 082 | 7 | |a 301 |2 (22) | |
| 100 | 1 | |a Bottomore, T. B., |d 1920-1992. | |
| 245 | 1 | 0 | |a Κοινωνιολογία : |b κεντρικά προβλήματα και βασική βιβλιογραφία / |c T. B. Bottomore ; εισαγωγή, μετάφραση και επιμέλεια: Δ. Γ. Τσαούση. |
| 250 | |a 2η εκδ. αναθεωρ. | ||
| 260 | |a Αθήνα : |b Gutenberg, |c 1990. | ||
| 300 | |a 467 σ. ; |c 21 εκ. | ||
| 490 | 1 | |a (Κοινωνιολογική και ανθρωπολογική βιβλιοθήκη / Gutenberg ; |v vol.29) | |
| 500 | |a Μετάφραση του: Sociology: a guide to problems and literature. | ||
| 504 | |a Βιβλιογραφία : σ. 419-457. Ευρετήριο. | ||
| 650 | 0 | 0 | |a Sociology. |
| 700 | 1 | |a Τσαούσης, Δημήτριος Γ., |d 1931- |e edt |e trl | |
| 765 | 0 | 8 | |i Μετάφραση του: |t Sociology : |
| 830 | 0 | |a Κοινωνιολογική & ανθρωπολογική βιβλιοθήκη Gutenberg ; |v v.29 | |
| 852 | |a INST |b RHODES |e 19960529 |h 301 BOT |p 005400003830 |q 005400003830 |t BK |y 0 | ||
| 852 | |a INST |b RHODES |e 19980520 |h 301 BOT |p 005400006608 |q 005400006608 |t BK |y 0 | ||
| 852 | |a INST |b RHODES |e 19980831 |h 301 BOT |p 005400006830 |q 005400006830 |t BK |y 0 | ||
| 909 | |a Ρ |b 049106 | ||
| 909 | |a Ρ |b 023585 | ||
| 909 | |a Ρ |b 053114 | ||
| 922 | |a 4ΕΛΗ |b 199801 |c ΚΠΣ/ΔΕ |d EMVASIS | ||
| 970 | |z 1996/05 | ||